000 00648nam a2200205Ia 4500
001 16634
003 GE_BSU
008 181216s||||||||xx |||||||||||||| ||und||
040 _cGE_BSU
080 _a821.353.1-32
100 _aლომიძე, ა.
245 _aნოველები და მოთხრობები
245 _cრედ.ირ.არაბული. მხ.ვ.ტოროტაძე
260 _aთბილისი
260 _bსახელგამი
260 _c1956
300 _a187გვ. ; 20სმ
653 _aნოველები და მოთხრობები
942 _cBK
999 _c49700
_d49700